[Event "Civil Service Ch 10th"]
[Site "Leeds"]
[Date "2000.??.??"]
[Round "1"]
[White "Wager, John D"]
[Black "Archer, Richard P"]
[Result "1-0"]
[WhiteElo "2096"]
[BlackElo "1888"]
[PlyCount "135"]
[EventDate "2000.08.??"]
[EventType "swiss"]
[EventRounds "5"]
[EventCountry "ENG"]
[SourceTitle "BritBase"]
[Source "John Saunders"]
[SourceDate "2024.12.03"]
[SourceVersion "1"]
[SourceVersionDate "2024.12.03"]
[SourceQuality "1"]

{Not the best game - but very entertaining in parts.} 1. b3 Nf6 2. Bb2 d5 3. e3 Bf5 4. Nf3 e6 5. Be2 Bd6 6. d3 c6 7. Nbd2 Nbd7 8. Nh4 Bg6 9. h3 Qe7 10. c3 a5 11. Nxg6 fxg6 12. O-O O-O 13. c4 e5 14. e4 dxe4 15. dxe4 Nc5 16. Qc2 Ne6 17. Nf3 Nf4 18. c5 Nxe2+ $6 ({Nimzo 8 prefers} 18... Bc7) 19. Qxe2 Bxc5 20. Nxe5 Kh8 21. Nd3 Bb6 22. e5 Nh5 23. Qg4 Rf5 24. Rad1 Raf8 25. Bd4 $1 {Fritz doesn't like this, but Nimzo 8 sees more...} Rg5 26. Qe4 $2 ({Now Nimzo 8 soon sees} 26. Bxb6 $1 Rxg4 27. hxg4 Nf4 28. Nxf4 {and now not} Rxf4 $4 ({so} 28... Qxe5 29. Be3 {and White has a lot of material for the queen.}) 29. Rd8+ Rf8 30. Rxf8+ Qxf8 31. Rd1 {wins for White.}) 26... Nf6 27. exf6 $5 {Gor Blimey!} Qxe4 28. fxg7+ Kg8 29. gxf8=Q+ Kxf8 30. Nf4 $1 {Needs must when the Devil has set fire to your posterior.} Bxd4 $4 (30... Bc7 {leaves White dead lost.}) 31. Rxd4 Rxg2+ $2 ({Black is still a bit better after} 31... Qe5) 32. Kh1 $1 Rxf2+ $2 ({Black has to try} 32... Qe5 33. Kxg2 g5 $1 34. Kf3 c5 $1 {when White is only a bit better.}) 33. Rxe4 Rxf1+ 34. Kg2 Rd1 35. Rd4 Rc1 36. Rd2 Ke7 37. Nd3 Rc3 38. Ne5 Ke6 39. Nf3 h6 40. Nd4+ Kf6 41. Ne2 Re3 42. Ng3 a4 43. Kf2 Re5 44. bxa4 Ra5 45. Rd4 b5 46. Rd6+ Kg5 47. Ne4+ Kh5 48. Rxc6 Rxa4 49. Nc3 Ra3 50. Nxb5 Rxa2+ 51. Kg3 Re2 52. Nd4 Re3+ 53. Nf3 Re7 54. Rc5+ g5 55. Re5 Rg7 56. Nh2 Rb7 57. Ng4 Rb3+ 58. Re3 Rxe3+ 59. Nxe3 Kg6 60. Kf3 h5 61. Ke4 Kf6 {The scoresheet now becomes unclear in the time scramble, so the following may be incorrect.} 62. Nf1 Kg6 63. Ng3 h4 64. Nf1 g4 65. hxg4 Kg5 66. Kf3 h3 67. Kg3 h2 68. Nxh2 1-0

[Event "Civil Service Ch 10th"]
[Site "Leeds"]
[Date "2000.??.??"]
[Round "1"]
[White "Bowering, Charles"]
[Black "Collinson, Benjamin"]
[Result "0-1"]
[WhiteElo "1888"]
[BlackElo "2040"]
[PlyCount "67"]
[EventDate "2000.08.??"]
[EventType "swiss"]
[EventRounds "5"]
[EventCountry "ENG"]
[SourceTitle "BritBase"]
[Source "John Saunders"]
[SourceDate "2024.12.03"]
[SourceVersion "1"]
[SourceVersionDate "2024.12.03"]
[SourceQuality "1"]

1. e4 e5 2. Nf3 d6 3. d4 Nf6 4. Nc3 Nbd7 5. Bc4 Be7 6. O-O O-O 7. Re1 c6 8. a4 b6 9. Qe2 a6 10. Bd2 Bb7 11. dxe5 Nxe5 12. Nxe5 dxe5 13. Be3 b5 14. Red1 Qc7 15. Bd3 Nd7 16. f3 Nc5 17. Qf2 Nxd3 18. Rxd3 b4 19. Bb6 Qc8 20. Ne2 Qe6 21. Bc5 f5 22. Ng3 g6 23. Rad1 Rf7 24. Bxe7 Rxe7 25. Qc5 (25. exf5 gxf5 26. Qc5 $18) 25... f4 26. Nf1 a5 27. b3 g5 28. Rd6 Qf7 29. Rd8+ Rxd8 30. Rxd8+ Kg7 31. Qxa5 g4 32. fxg4 f3 33. gxf3 Qxf3 34. Qxb4 $18 {White lost on time} 0-1

[Event "Civil Service Ch 10th"]
[Site "Leeds"]
[Date "2000.??.??"]
[Round "1"]
[White "Calvert, David Ian"]
[Black "Thurlow, Kevin J"]
[Result "0-1"]
[WhiteElo "1872"]
[BlackElo "2088"]
[PlyCount "102"]
[EventDate "2000.08.??"]
[EventType "swiss"]
[EventRounds "5"]
[EventCountry "ENG"]
[SourceTitle "BritBase"]
[Source "John Saunders"]
[SourceDate "2024.12.03"]
[SourceVersion "1"]
[SourceVersionDate "2024.12.03"]
[SourceQuality "1"]

1. b3 Nf6 2. Bb2 d5 3. Nf3 e6 4. c4 c5 5. cxd5 Nxd5 6. g3 Nc6 7. Bg2 Bd7 8. O-O h5 9. d4 cxd4 10. Nxd4 ({Fritz 6 is so afraid of ...h4 that it prefers} 10. Bxd4 {here.}) 10... h4 11. Nxc6 Bxc6 12. e4 (12. Nc3 $5 hxg3 13. hxg3 Qg5 14. Nxd5 Bxd5 15. e4 Bc6 16. Bc1 Qg6 {and Black has a pull, but maybe not too much.}) 12... h3 (12... Nb4 {leaving options open, is perhaps better.}) 13. Bh1 Nb4 14. Qe2 Qd3 15. Qxd3 Nxd3 16. Bd4 e5 17. Be3 Bc5 {Fritz 6 thinks White has a slight edge whereas Nimzo 8 thinks Black has.} 18. Bxc5 Nxc5 19. Nc3 Rd8 20. Rfd1 Ke7 21. Rac1 Rxd1+ 22. Rxd1 Rd8 23. Nd5+ Kf8 24. b4 Ne6 25. Bf3 $2 Ng5 (25... f5 $5 26. Nc3 (26. exf5 $4 Nd4 {wins instantly}) 26... Rd4 $1 {with advantage to Black.}) 26. Bh1 Ne6 27. Bf3 Nd4 28. Bg4 f5 $5 (28... Bxd5 29. exd5 Rxd5 30. Kf1 a5 31. bxa5 Rxa5 32. Rd2 Ra4 33. Bxh3 Rc4 34. f4 exf4 35. gxf4 {and Nimzo 8 thinks Black is quite a lot better.}) 29. Bxh3 fxe4 30. Ne3 Nf3+ 31. Kf1 (31. Kg2) 31... Nxh2+ 32. Kg1 Nf3+ 33. Kf1 Rd4 34. a3 Bb5+ 35. Kg2 Rxd1 36. Nxd1 Ne1+ 37. Kg1 Nc2 38. Nc3 Nxa3 39. Nxb5 Nxb5 40. Bg2 Nd6 41. f4 exf3 42. Bxf3 b6 43. Kf2 Ke7 44. g4 Ke6 45. Be2 a5 46. bxa5 bxa5 47. Ke3 Kd5 48. Kd3 e4+ 49. Kc3 Ke5 50. Kb3 Kd4 51. Ka4 Ke3 0-1

[Event "Civil Service Ch 10th"]
[Site "Leeds"]
[Date "2000.??.??"]
[Round "1"]
[White "Cameron, Phil"]
[Black "Lewyk, Ihor"]
[Result "0-1"]
[WhiteElo "1768"]
[BlackElo "1928"]
[PlyCount "126"]
[EventDate "2000.08.??"]
[EventType "swiss"]
[EventRounds "5"]
[EventCountry "ENG"]
[SourceTitle "BritBase"]
[Source "John Saunders"]
[SourceDate "2024.12.03"]
[SourceVersion "1"]
[SourceVersionDate "2024.12.03"]
[SourceQuality "1"]

1. e4 d5 2. exd5 Nf6 3. c4 e6 4. dxe6 Bxe6 5. Nf3 Nc6 6. d4 Bb4+ 7. Bd2 Bxd2+ 8. Qxd2 Qe7 9. Qe2 O-O-O 10. d5 Qb4+ 11. Qd2 Rhe8 12. Qxb4 Bf5+ 13. Kd1 Nxb4 14. Nbd2 Ng4 15. Kc1 Nxf2 16. Rg1 Re3 17. b3 Rc3+ 18. Kb2 Rc2+ 19. Ka3 c5 20. dxc6 Nxc6 21. Nh4 Be6 22. Ndf3 h6 23. Ne1 Nd4 24. Rb1 Rd2 25. Nhf3 Nxf3 26. Nxf3 R2d6 27. Be2 Ne4 28. Kb2 Rd2+ 29. Nxd2 Rxd2+ 30. Ka3 Rxe2 31. Rbe1 Nc3 32. Rxe2 Nxe2 33. Re1 Nf4 34. g3 Nd3 35. Re3 Nf2 36. Re2 Ng4 37. Kb4 Kc7 38. Kc5 b6+ 39. Kd4 Kd6 40. b4 Nf6 41. a4 Nd7 42. a5 bxa5 43. bxa5 Nc5 44. Rb2 Bc8 45. Rb5 Ne6+ 46. Kc3 Ba6 47. Rb8 Kc7 48. Ra8 Bb7 49. Re8 Kd7 50. Rb8 Nd8 51. a6 Bxa6 52. Rb2 Bb7 53. Rd2+ Kc7 54. Kb4 Nc6+ 55. Kc5 Ne5 56. Re2 f6 57. Ra2 Nd7+ 58. Kd4 Kb6 59. Rb2+ Kc6 60. Ra2 Nc5 61. Re2 a5 62. Re7 a4 63. Rxg7 Ne6+ 0-1

[Event "Civil Service Ch 10th"]
[Site "Leeds"]
[Date "2000.??.??"]
[Round "1"]
[White "Coleman, G"]
[Black "Robson, Paul E"]
[Result "0-1"]
[WhiteElo "1832"]
[BlackElo "1848"]
[PlyCount "90"]
[EventDate "2000.08.??"]
[EventType "swiss"]
[EventRounds "5"]
[EventCountry "ENG"]
[SourceTitle "BritBase"]
[Source "John Saunders"]
[SourceDate "2024.12.03"]
[SourceVersion "1"]
[SourceVersionDate "2024.12.03"]
[SourceQuality "1"]

1. e4 g6 2. c4 c5 3. Nc3 Bg7 4. g3 Nc6 5. d3 d6 6. Bg2 e6 7. Nge2 Nge7 8. Be3 Nd4 9. Qd2 O-O 10. O-O Nec6 11. f3 Bd7 12. h3 a6 13. Rab1 f5 14. Kh2 b5 15. f4 Rb8 16. b3 Qa5 17. Rfd1 b4 18. Na4 Nxe2 19. Qxe2 Nd4 20. Bxd4 Bxd4 21. Qc2 Rbe8 22. Re1 e5 23. exf5 Rxf5 24. fxe5 Bxe5 25. Rf1 Rg5 26. Bd5+ Be6 27. Bxe6+ Rxe6 28. Rf3 Bg7 29. Rbf1 Rge5 30. Qc1 Qd8 31. R1f2 Re2 32. Qf1 Re1 33. Qg2 Bd4 34. Rf8+ Qxf8 35. Rxf8+ Kxf8 36. Qf3+ Kg7 37. h4 Rf6 38. Qb7+ Rf7 39. Qd5 Rf2+ 40. Kh3 h5 41. Qb7+ Kh6 42. Nb6 Ree2 43. Qh1 Rxa2 44. Nd5 a5 45. Ne7 Rh2+ 0-1

[Event "Civil Service Ch 10th"]
[Site "Leeds"]
[Date "2000.??.??"]
[Round "1"]
[White "Pheby, Ian M"]
[Black "Pope, Sean"]
[Result "1-0"]
[WhiteElo "1872"]
[BlackElo "1744"]
[PlyCount "95"]
[EventDate "2000.08.??"]
[EventType "swiss"]
[EventRounds "5"]
[EventCountry "ENG"]
[SourceTitle "BritBase"]
[Source "John Saunders"]
[SourceDate "2024.12.03"]
[SourceVersion "1"]
[SourceVersionDate "2024.12.03"]
[SourceQuality "1"]

1. d4 Nf6 2. c4 e6 3. Nf3 d5 4. Nc3 Be7 5. Bf4 c6 6. e3 O-O 7. h3 Nbd7 8. Qc2 Re8 9. a3 Nf8 10. Rb1 Ng6 11. Bh2 a5 12. c5 Nd7 13. b4 axb4 14. axb4 Bf6 15. Be2 e5 16. O-O e4 17. Nd2 Ndf8 18. Na4 Nd7 19. Ra1 Bg5 20. Qb3 Qe7 21. Bd6 Qd8 22. b5 Be7 23. Bxe7 Qxe7 24. b6 Nf6 25. Nc3 Rxa1 26. Rxa1 Qd7 27. Ra7 Qf5 28. Qd1 Qg5 29. Kh2 h5 30. Nb3 Qf5 31. Qf1 Kh7 32. Na5 Re7 33. Na2 h4 34. Nb4 Qe6 35. Qd1 Nf8 36. Bg4 Nxg4+ 37. Qxg4 f5 38. Qxh4+ Kg8 39. Nbxc6 Re8 40. Ne5 Ng6 41. Nxg6 Qxg6 42. Qf4 Qf6 43. Nxb7 g5 44. Qd6 Be6 45. Qe5 Qh6 46. Nd6 Rf8 47. Re7 Bc8 48. Qxd5+ 1-0

[Event "Civil Service Ch 10th"]
[Site "Leeds"]
[Date "2000.??.??"]
[Round "1"]
[White "Pickersgill, Adrian O"]
[Black "Pendlebury, Ian G"]
[Result "1-0"]
[WhiteElo "1864"]
[BlackElo "1984"]
[PlyCount "55"]
[EventDate "2000.08.??"]
[EventType "swiss"]
[EventRounds "5"]
[EventCountry "ENG"]
[SourceTitle "BritBase"]
[Source "John Saunders"]
[SourceDate "2024.12.03"]
[SourceVersion "1"]
[SourceVersionDate "2024.12.03"]
[SourceQuality "1"]

1. e4 c6 2. d4 d5 3. exd5 cxd5 4. c4 Nf6 5. Nc3 e6 6. Nf3 Be7 7. Bf4 O-O 8. c5 b6 9. b4 bxc5 10. bxc5 Ne4 11. Nxe4 dxe4 12. Ne5 Qa5+ 13. Bd2 Qd8 14. Bc3 Bb7 15. Bb5 Qc7 16. O-O Nc6 17. Nc4 Rfd8 18. Bxc6 Qxc6 19. Qg4 f5 20. Qg3 Bf8 21. Rfb1 Ba6 22. Ne5 Qd5 23. h4 Be7 24. c6 Bd6 25. a4 Rac8 26. h5 Rxc6 $4 27. Nxc6 Bxg3 28. Ne7+ 1-0

[Event "Civil Service Ch 10th"]
[Site "Leeds"]
[Date "2000.??.??"]
[Round "1"]
[White "Walker, Martin Graham"]
[Black "Brusey, Alan W"]
[Result "1-0"]
[WhiteElo "2184"]
[BlackElo "1936"]
[PlyCount "99"]
[EventDate "2000.08.??"]
[EventType "swiss"]
[EventRounds "5"]
[EventCountry "ENG"]
[SourceTitle "BritBase"]
[Source "John Saunders"]
[SourceDate "2024.12.03"]
[SourceVersion "1"]
[SourceVersionDate "2024.12.03"]
[SourceQuality "1"]

1. e4 e6 2. d4 d5 3. Nd2 Nf6 4. e5 Nfd7 5. Bd3 c5 6. c3 Nc6 7. Ne2 Qb6 8. Nf3 cxd4 9. cxd4 f6 10. exf6 Nxf6 11. O-O Bd6 12. g3 O-O 13. Kg2 e5 14. dxe5 Nxe5 15. Be3 Qc7 16. Nxe5 Bxe5 17. Qb3 Qd7 18. f3 Qh3+ 19. Kg1 Re8 20. Bf4 Kh8 21. Bxe5 Rxe5 22. Nf4 Qd7 23. Rad1 Qe7 24. Bb1 g5 25. Nd3 Re3 26. Qc3 Bh3 27. Rfe1 Re8 28. Qd4 Kg7 29. Qxa7 Rxe1+ 30. Rxe1 Qxe1+ 31. Nxe1 Rxe1+ 32. Kf2 Rxb1 33. Qxb7+ Kg6 34. a4 Ra1 35. Qc7 d4 36. Ke2 Bf1+ 37. Kd2 Ra2 $2 38. Qc2+ $2 (38. Qc1 $1 {if the bishop escapes, Qb1+}) 38... d3 $2 (38... Kg7 $1 39. Qc1 (39. a5 $14) 39... Ba6 $14) 39. Qb1 Rxa4 40. Qxf1 Rd4 41. Qf2 Rd5 42. Qb6 Kf5 43. Qc6 h5 44. h3 g4 45. hxg4+ hxg4 46. fxg4+ Ke5 47. Qc7+ Rd6 48. Qe7+ Re6 49. Qc5+ Ke4 50. Qf5+ 1-0

[Event "Civil Service Ch 10th"]
[Site "Leeds"]
[Date "2000.??.??"]
[Round "2"]
[White "Lewyk, Ihor"]
[Black "Walker, Martin Graham"]
[Result "0-1"]
[WhiteElo "1928"]
[BlackElo "2184"]
[PlyCount "46"]
[EventDate "2000.08.??"]
[EventType "swiss"]
[EventRounds "5"]
[EventCountry "ENG"]
[SourceTitle "BritBase"]
[Source "John Saunders"]
[SourceDate "2024.12.03"]
[SourceVersion "1"]
[SourceVersionDate "2024.12.03"]
[SourceQuality "1"]

1. e4 e5 2. Nf3 Nc6 3. d4 exd4 4. Bc4 Nf6 5. O-O Nxe4 6. Re1 d5 7. Bxd5 Qxd5 8. Nc3 Qa5 9. Nxe4 Be6 10. Bd2 Qd5 11. Bg5 Bd6 12. Bf6 O-O 13. Bxd4 Bg4 14. c4 Qxc4 15. Nxd6 cxd6 16. Bc3 d5 17. h3 Bxf3 18. Qxf3 d4 19. Re4 Qd5 20. Qd3 Rad8 21. Rh4 h6 22. Rd1 Qg5 23. Rg4 dxc3 0-1

[Event "Civil Service Ch 10th"]
[Site "Leeds"]
[Date "2000.??.??"]
[Round "2"]
[White "Pope, Sean"]
[Black "Coleman, G"]
[Result "1/2-1/2"]
[WhiteElo "1744"]
[BlackElo "1832"]
[PlyCount "36"]
[EventDate "2000.08.??"]
[EventType "swiss"]
[EventRounds "5"]
[EventCountry "ENG"]
[SourceTitle "BritBase"]
[Source "John Saunders"]
[SourceDate "2024.12.03"]
[SourceVersion "1"]
[SourceVersionDate "2024.12.03"]
[SourceQuality "1"]

1. d4 d5 2. Nf3 Nf6 3. Bg5 e6 4. Nbd2 Nbd7 5. e3 Be7 6. Bd3 b6 7. O-O Bb7 8. c3 Ne4 9. Bxe7 Qxe7 10. a4 O-O 11. Ne5 Nxe5 12. dxe5 f5 13. exf6 Nxf6 14. Qe2 c5 15. f4 Rae8 16. Nf3 Nd7 17. Ng5 Nf6 18. Nf3 Nd7 1/2-1/2

[Event "Civil Service Ch 10th"]
[Site "Leeds"]
[Date "2000.??.??"]
[Round "2"]
[White "Tolan, John"]
[Black "Wager, John D"]
[Result "1-0"]
[WhiteElo "2000"]
[BlackElo "2096"]
[PlyCount "47"]
[EventDate "2000.08.??"]
[EventType "swiss"]
[EventRounds "5"]
[EventCountry "ENG"]
[SourceTitle "BritBase"]
[Source "John Saunders"]
[SourceDate "2024.12.03"]
[SourceVersion "1"]
[SourceVersionDate "2024.12.03"]
[SourceQuality "1"]

1. e4 Nc6 2. Nf3 d6 3. Bc4 Nf6 4. Nc3 Bg4 5. d4 e5 6. d5 Nd4 7. Be3 Nxf3+ 8. gxf3 Bh5 9. Bg5 a6 10. Qd3 Be7 11. Rg1 Nxd5 12. Bxd5 Bxg5 13. Bxb7 Rb8 14. Bc6+ Kf8 15. b3 Rb6 16. Bd5 Qf6 17. Ke2 Ke7 18. Bc6 Qxf3+ 19. Qxf3 Bxf3+ 20. Kxf3 Rxc6 21. Nd5+ Kf8 22. Rxg5 Rxc2 23. Rgg1 c6 24. Rgc1 1-0

[Event "Civil Service Ch 10th"]
[Site "Leeds"]
[Date "2000.??.??"]
[Round "2"]
[White "Collinson, Benjamin"]
[Black "Pheby, Ian M"]
[Result "1/2-1/2"]
[WhiteElo "2040"]
[BlackElo "1872"]
[PlyCount "51"]
[EventDate "2000.08.??"]
[EventType "swiss"]
[EventRounds "5"]
[EventCountry "ENG"]
[SourceTitle "BritBase"]
[Source "John Saunders"]
[SourceDate "2024.12.03"]
[SourceVersion "1"]
[SourceVersionDate "2024.12.03"]
[SourceQuality "1"]

1. e4 e5 2. Nf3 Nc6 3. Nc3 Nf6 4. Bb5 d6 5. d4 exd4 6. Nxd4 Bd7 7. O-O Be7 8. Bxc6 bxc6 9. Re1 O-O 10. Bg5 h6 11. Bh4 Nh7 12. Bxe7 Qxe7 13. Qd3 Nf6 14. h3 Nh5 15. Qf3 Qg5 16. e5 d5 17. Na4 Nf4 18. Kh2 Ne6 19. Nxe6 fxe6 20. Qg3 Qe7 21. Nc3 c5 22. Rad1 Rf5 23. Rd2 Raf8 24. b3 Be8 25. Nd1 Qf7 26. Qc3 1/2-1/2

[Event "Civil Service Ch 10th"]
[Site "Leeds"]
[Date "2000.??.??"]
[Round "2"]
[White "Brusey, Alan W"]
[Black "Cameron, Phil"]
[Result "0-1"]
[WhiteElo "1936"]
[BlackElo "1768"]
[PlyCount "78"]
[EventDate "2000.08.??"]
[EventType "swiss"]
[EventRounds "5"]
[EventCountry "ENG"]
[SourceTitle "BritBase"]
[Source "John Saunders"]
[SourceDate "2024.12.03"]
[SourceVersion "1"]
[SourceVersionDate "2024.12.03"]
[SourceQuality "1"]

1. e4 c5 2. c3 g6 3. d4 cxd4 4. cxd4 Bg7 5. Nc3 d6 6. Nf3 e6 7. Be2 Ne7 8. O-O O-O 9. Be3 f5 10. Qd2 a6 11. a4 Nbc6 12. Bh6 Na5 13. Bxg7 Kxg7 14. Rab1 Nb3 15. Qc2 Qb6 16. Rfd1 Nc6 17. Qd3 Nb4 18. a5 Nxa5 19. Qd2 Nb3 20. Qg5 Qd8 21. exf5 Qxg5 22. Nxg5 exf5 23. Na4 b5 24. Nb6 Rb8 25. Nxc8 Rfxc8 26. Ne6+ Kf6 27. Nf4 Rc2 28. Re1 Nxd4 29. Bd1 Rc6 30. h4 Rbc8 31. Bf3 Nxf3+ 32. gxf3 Rc4 33. Ng2 Nd3 34. Red1 Rc1 35. Ne3 Rxb1 36. Rxb1 Ke5 37. Kf1 Rc1+ 38. Rxc1 Nxc1 39. Nc2 a5 0-1

[Event "Civil Service Ch 10th"]
[Site "Leeds"]
[Date "2000.??.??"]
[Round "2"]
[White "Pendlebury, Ian G"]
[Black "Calvert, David Ian"]
[Result "1/2-1/2"]
[WhiteElo "1984"]
[BlackElo "1872"]
[PlyCount "55"]
[EventDate "2000.08.??"]
[EventType "swiss"]
[EventRounds "5"]
[EventCountry "ENG"]
[SourceTitle "BritBase"]
[Source "John Saunders"]
[SourceDate "2024.12.03"]
[SourceVersion "1"]
[SourceVersionDate "2024.12.03"]
[SourceQuality "1"]

1. d4 d5 2. Nf3 Nf6 3. Bf4 g6 4. e3 Bg7 5. c3 O-O 6. Bd3 c5 7. Nbd2 cxd4 8. exd4 Nc6 9. O-O Bf5 10. Bxf5 gxf5 11. Ne5 Nxe5 12. Bxe5 e6 13. Bxf6 Bxf6 14. f4 Kh8 15. Qh5 Qe7 16. Rf3 Rg8 17. Rh3 Rg7 18. Rf1 Qf8 19. Qh6 Be7 20. Rff3 Qg8 21. Rfg3 Rxg3 22. Rxg3 Qf8 23. Qh5 Bf6 24. Nf1 a5 25. Rh3 Qg7 26. Qe2 Rg8 27. Ng3 Qg4 28. Qe3 1/2-1/2

[Event "Civil Service Ch 10th"]
[Site "Leeds"]
[Date "2000.??.??"]
[Round "2"]
[White "Robson, Paul E"]
[Black "Maxwell, Alistair"]
[Result "1/2-1/2"]
[WhiteElo "1848"]
[BlackElo "1848"]
[PlyCount "21"]
[EventDate "2000.08.??"]
[EventType "swiss"]
[EventRounds "5"]
[EventCountry "ENG"]
[SourceTitle "BritBase"]
[Source "John Saunders"]
[SourceDate "2024.12.03"]
[SourceVersion "1"]
[SourceVersionDate "2024.12.03"]
[SourceQuality "1"]

1. e4 e5 2. Nf3 Nc6 3. d4 exd4 4. Bc4 Nf6 5. e5 d5 6. Bb5 Ne4 7. Nxd4 Bd7 8. Bxc6 bxc6 9. O-O Bc5 10. Be3 O-O 11. f3 1/2-1/2

[Event "Civil Service Ch 10th"]
[Site "Leeds"]
[Date "2000.??.??"]
[Round "2"]
[White "Thurlow, Kevin J"]
[Black "Pickersgill, Adrian O"]
[Result "1/2-1/2"]
[WhiteElo "2088"]
[BlackElo "1864"]
[PlyCount "71"]
[EventDate "2000.08.??"]
[EventType "swiss"]
[EventRounds "5"]
[EventCountry "ENG"]
[SourceTitle "BritBase"]
[Source "John Saunders"]
[SourceDate "2024.12.03"]
[SourceVersion "1"]
[SourceVersionDate "2024.12.03"]
[SourceQuality "1"]

1. e4 c6 2. c4 d5 3. exd5 cxd5 4. cxd5 Nf6 5. Nc3 Nxd5 6. Bc4 Nb6 7. Bb3 Bf5 8. d4 e6 9. Nge2 Be7 10. Bf4 a6 11. O-O O-O 12. Rc1 N8d7 13. Ng3 Bg6 14. d5 e5 15. Be3 Nc5 16. Bc2 Bxc2 17. Rxc2 Rc8 18. Nf5 Bf6 19. b4 Nca4 20. Nxa4 Nxa4 21. d6 Nc3 22. Qg4 Kh8 23. Ne7 Bxe7 24. dxe7 Qxe7 25. Bc5 Rxc5 26. bxc5 Nb5 27. Re1 f5 28. Qa4 Rd8 29. c6 bxc6 30. Rxc6 Nd4 31. Qxa6 Nxc6 32. Qxc6 e4 33. g3 Qb4 34. Rc1 h6 35. a4 Qb3 36. Qc2 1/2-1/2

[Event "Civil Service Ch 10th"]
[Site "Leeds"]
[Date "2000.??.??"]
[Round "3"]
[White "Wager, John D"]
[Black "Lewyk, Ihor"]
[Result "1-0"]
[WhiteElo "2096"]
[BlackElo "1928"]
[PlyCount "67"]
[EventDate "2000.08.??"]
[EventType "swiss"]
[EventRounds "5"]
[EventCountry "ENG"]
[SourceTitle "BritBase"]
[Source "John Saunders"]
[SourceDate "2024.12.03"]
[SourceVersion "1"]
[SourceVersionDate "2024.12.03"]
[SourceQuality "1"]

1. b3 d5 2. Bb2 d4 3. Nf3 c5 4. e3 dxe3 5. fxe3 Bg4 6. Bc4 e6 7. Nc3 Nf6 8. Qe2 a6 9. h3 Bxf3 10. Qxf3 Nc6 11. O-O-O Qc7 12. d4 O-O-O 13. Ne4 Nxe4 14. Qxe4 cxd4 15. exd4 Nb4 16. Rhf1 Nxa2+ 17. Kb1 Nb4 18. Rxf7 Qb6 19. Qxe6+ Qxe6 20. Bxe6+ Kb8 21. d5 a5 22. Be5+ Ka8 23. Bc7 Re8 24. Bxa5 g6 25. Bc7 Bc5 26. Be5 Rhf8 27. Rxf8 Rxf8 28. c3 Na6 29. d6 Bb6 30. Bg7 Re8 31. Bf7 Rd8 32. d7 Nc5 33. Be8 Ne6 34. Bf6 1-0

[Event "Civil Service Ch 10th"]
[Site "Leeds"]
[Date "2000.??.??"]
[Round "3"]
[White "Bowering, Charles"]
[Black "Pendlebury, Ian G"]
[Result "0-1"]
[WhiteElo "1888"]
[BlackElo "1984"]
[PlyCount "68"]
[EventDate "2000.08.??"]
[EventType "swiss"]
[EventRounds "5"]
[EventCountry "ENG"]
[SourceTitle "BritBase"]
[Source "John Saunders"]
[SourceDate "2024.12.03"]
[SourceVersion "1"]
[SourceVersionDate "2024.12.03"]
[SourceQuality "1"]

1. d4 d5 2. Nc3 Bf5 3. Nf3 Nf6 4. Bg5 Nbd7 5. e3 c6 6. Bd3 Bg6 7. O-O e6 8. Re1 Qc7 9. Bf4 Bd6 10. Bxd6 Qxd6 11. e4 dxe4 12. Nxe4 Nxe4 13. Bxe4 Nf6 14. Bxg6 hxg6 15. Qd2 Rh5 16. Re5 O-O-O 17. Rae1 {draw offered} Rf5 18. h3 Nd7 19. Rxf5 gxf5 20. c3 f6 21. Qe2 Re8 22. Nh2 g5 23. Qh5 Qe7 24. Re2 Rg8 25. Re1 Nf8 26. Qe2 g4 27. h4 g3 28. Nf3 Qc7 29. Rf1 Rg4 30. fxg3 Qxg3 31. Rf2 Re4 32. Qf1 Ng6 33. Re2 Rg4 34. Rxe6 Nf4 {white lost on time} 0-1

[Event "Civil Service Ch 10th"]
[Site "Leeds"]
[Date "2000.??.??"]
[Round "3"]
[White "Calvert, David Ian"]
[Black "Pope, Sean"]
[Result "1-0"]
[WhiteElo "1872"]
[BlackElo "1744"]
[PlyCount "129"]
[EventDate "2000.08.??"]
[EventType "swiss"]
[EventRounds "5"]
[EventCountry "ENG"]
[SourceTitle "BritBase"]
[Source "John Saunders"]
[SourceDate "2024.12.03"]
[SourceVersion "1"]
[SourceVersionDate "2024.12.03"]
[SourceQuality "1"]

1. b3 e5 2. Bb2 d6 3. e3 Nf6 4. d4 Nbd7 5. Nf3 Qe7 6. c4 g6 7. Nc3 c6 8. Be2 Bg7 9. Qc2 O-O 10. O-O-O e4 11. Nd2 d5 12. g4 b6 13. h4 Rd8 14. Rdg1 Bb7 15. g5 Ne8 16. Kb1 Nf8 17. Bg4 Bc8 18. Qd1 Bxg4 19. Qxg4 Qe6 20. Qg2 Nd6 21. h5 Nf5 22. Ne2 Re8 23. Nf4 Qd6 24. Qg4 a5 25. hxg6 fxg6 26. Nh5 Nxe3 27. fxe3 gxh5 28. Qxh5 Qg6 29. Ba3 Ra7 30. Rf1 Qxh5 31. Rxh5 Rd7 32. Rh2 Ng6 33. Rhf2 Re6 34. cxd5 cxd5 35. Rc1 Rf7 36. Rc8+ Bf8 37. Rf1 Rxf1+ 38. Nxf1 Kf7 39. Bxf8 Nxf8 40. Rd8 Kg7 41. Rxd5 h6 42. Ng3 hxg5 43. Rxg5+ Kf6 44. Rf5+ Ke7 45. Rf4 Ng6 46. Rxe4 Rxe4 47. Nxe4 Ke6 48. Kc2 Ne7 49. Kd3 Nd5 50. a3 Kd7 51. Nc3 Nf6 52. e4 Kc6 53. e5 Nd7 54. a4 Nb8 55. Kc4 Nd7 56. d5+ Kc7 57. Nb5+ Kd8 58. e6 Nc5 59. Nd4 Ke7 60. Nf5+ Kd8 61. Kb5 Nxb3 62. Kxb6 Ke8 63. Nd6+ Ke7 64. Nb7 Nd4 65. Kxa5 1-0

[Event "Civil Service Ch 10th"]
[Site "Leeds"]
[Date "2000.??.??"]
[Round "3"]
[White "Coleman, G"]
[Black "Archer, Richard P"]
[Result "1-0"]
[WhiteElo "1832"]
[BlackElo "1888"]
[PlyCount "77"]
[EventDate "2000.08.??"]
[EventType "swiss"]
[EventRounds "5"]
[EventCountry "ENG"]
[SourceTitle "BritBase"]
[Source "John Saunders"]
[SourceDate "2024.12.03"]
[SourceVersion "1"]
[SourceVersionDate "2024.12.03"]
[SourceQuality "1"]

1. c4 c6 2. d4 d5 3. Nc3 Nf6 4. cxd5 cxd5 5. Qb3 Nc6 6. Nf3 g6 7. Bf4 a6 8. e3 Bg7 9. Be2 O-O 10. O-O b5 11. Ne5 Bb7 12. a4 Na5 13. Qb4 Nc4 14. axb5 a5 15. Qa4 Nxb2 16. Qa2 Nc4 17. Nxc4 dxc4 18. Qxc4 Nh5 19. Bc7 Qd7 20. b6 Qf5 21. Qd3 Qg5 22. Ne4 Qd5 23. Bf3 Ba6 24. Qa3 Qf5 25. Rfc1 Bb7 26. Nd6 Qxf3 27. gxf3 exd6 28. Bxd6 Rfd8 29. Bg3 Bf8 30. Qa4 Nxg3 31. fxg3 Bxf3 32. Rc7 Bb4 33. Rf1 Bd5 34. e4 Bxe4 35. Rfxf7 g5 36. Qd1 Bg6 37. Rg7+ Kh8 38. b7 Rab8 39. Rxh7+ 1-0